Global Mapping of Infectious Diseases. (Record no. 4609)

MARC details
000 -LEADER
fixed length control field 00627nam a22002057a 4500
003 - CONTROL NUMBER IDENTIFIER
control field OSt
005 - DATE AND TIME OF LATEST TRANSACTION
control field 20160701171340.0
008 - FIXED-LENGTH DATA ELEMENTS--GENERAL INFORMATION
fixed length control field 160701b xxu||||| |||| 00| 0 eng d
020 ## - INTERNATIONAL STANDARD BOOK NUMBER
International Standard Book Number 9780120317646
020 ## - INTERNATIONAL STANDARD BOOK NUMBER
International Standard Book Number 0120317648
040 ## - CATALOGING SOURCE
Transcribing agency DNLM.
082 ## - DEWEY DECIMAL CLASSIFICATION NUMBER
Classification number QZ140G51s 2007.
100 ## - MAIN ENTRY--PERSONAL NAME
Personal name Edited by Hay,S.I;Graham,A.J;Rodgers,D.J;
9 (RLIN) 9914
245 ## - TITLE STATEMENT
Title Global Mapping of Infectious Diseases.
Remainder of title Methods,Examples and Emerging applications.
260 ## - PUBLICATION, DISTRIBUTION, ETC. (IMPRINT)
Place of publication, distribution, etc. Amsterdam;
-- Boston.
Name of publisher, distributor, etc. Elsevier.
Date of publication, distribution, etc. 2007.
300 ## - PHYSICAL DESCRIPTION
Extent xvii,343p;
Other physical details ill;
Dimensions 24cm.
504 ## - BIBLIOGRAPHY, ETC. NOTE
Bibliography, etc includes references.
650 ## - SUBJECT ADDED ENTRY--TOPICAL TERM
Topical term or geographic name as entry element Infectious Diseases.
9 (RLIN) 2563
942 ## - ADDED ENTRY ELEMENTS (KOHA)
Source of classification or shelving scheme Other/Generic Classification Scheme
Koha item type Open Shelf
Holdings
Withdrawn status Lost status Source of classification or shelving scheme Damaged status Not for loan Home library Current library Date acquired Source of acquisition Inventory number Total Checkouts Full call number Barcode Date last seen Price effective from Koha item type
    Other/Generic Classification Scheme     MUST Main Library MUST Main Library 01/07/2016 Donation. 10/32351   QZ140G51s 2007. 2016-2962 01/07/2016 01/07/2016 Open Shelf